The Daughters: A Novel (Record no. 535311)

000 -LEADER
fixed length control field 00319nam a22001337a 4500
020 ## - INTERNATIONAL STANDARD BOOK NUMBER
International Standard Book Number 978-1631491948
040 ## - CATALOGING SOURCE
Transcribing agency MSOHAIL
082 ## - DEWEY DECIMAL CLASSIFICATION NUMBER
Classification number 813.6
Author Mark CEL
100 ## - MAIN ENTRY--PERSONAL NAME
Personal name Adrienne Celt
9 (RLIN) 29799
245 ## - TITLE STATEMENT
Title The Daughters: A Novel
260 ## - PUBLICATION, DISTRIBUTION, ETC.
Place of publication, distribution, etc. Liveright;
Date of publication, distribution, etc. 2015
300 ## - PHYSICAL DESCRIPTION
Extent 272;p
Other physical details 5.5 x 0.7 x 8.3 inches
942 ## - ADDED ENTRY ELEMENTS (KOHA)
Source of classification or shelving scheme
Koha item type Book
Holdings
Withdrawn status Lost status Source of classification or shelving scheme Damaged status Not for loan Permanent Location Current Location Date acquired Total Checkouts Full call number Barcode Date last seen Date last checked out Price effective from Koha item type
          School of Civil and Environmental Engineering (SCEE) School of Civil and Environmental Engineering (SCEE) 09/03/2020 1 813.6 CEL NIT-13206 06/02/2025 09/12/2024 09/03/2020 Book
© 2023 Central Library, National University of Sciences and Technology. All Rights Reserved.